Loading...
| Philosophy | 0 | 3 | 0 | 0 | 30 | 99 | 120.00 | 0 | 0 |
| Current Events | 0 | 2 | 0 | 0 | 20 | 36 | 47.50 | 2 | 2 |
| Literature - British Literature | 0 | 2 | 0 | 2 | 20 | 136 | 145.50 | 0 | 0 |
| History - Other History | 0 | 1 | 0 | 0 | 10 | 139 | 139.00 | 0 | 0 |
| Mythology | 0 | 1 | 0 | 1 | 10 | 132 | 132.00 | 0 | 0 |
| Social Science | 0 | 1 | 1 | 0 | 5 | 100 | 100.00 | 0 | 0 |
| History - European History | 0 | 1 | 1 | 0 | 5 | 35 | 35.00 | 1 | 1 |
| Literature - American Literature | 0 | 0 | 0 | 0 | 0 | 0.00 | 0 | 0 | |
| History - American History | 0 | 1 | 2 | 0 | 0 | 79 | 79.00 | 1 | 1 |
| Literature - European Literature | 0 | 0 | 0 | 0 | 0 | 0.00 | 0 | 0 | |
| Science - Other Science | 0 | 0 | 0 | 0 | 0 | 0.00 | 0 | 0 | |
| Science - Physics | 0 | 0 | 0 | 0 | 0 | 0.00 | 0 | 0 | |
| Fine Arts - Classical Music | 0 | 0 | 0 | 0 | 0 | 0.00 | 0 | 0 | |
| Science - Biology | 0 | 0 | 0 | 0 | 0 | 0.00 | 0 | 0 | |
| Science - Chemistry | 0 | 0 | 0 | 0 | 0 | 0.00 | 0 | 0 | |
| Literature - World Literature | 0 | 0 | 1 | 0 | -5 | 0.00 | 0 | 0 | |
| Fine Arts - Painting and Sculpture | 0 | 0 | 1 | 0 | -5 | 0.00 | 0 | 0 | |
| Fine Arts - Other Fine Arts | 0 | 0 | 1 | 0 | -5 | 0.00 | 0 | 0 |